Beaches and coasts
Guardat en:
| Autor principal: | |
|---|---|
| Format: | Llibre |
| Idioma: | anglès |
| Publicat: |
Londres
Edward Arnold
1959
|
| Matèries: | |
| Etiquetes: |
Afegir etiqueta
Sense etiquetes, Sigues el primer a etiquetar aquest registre!
|
MARC
| LEADER | 00000nam a2200000 a 4500 | ||
|---|---|---|---|
| 001 | UCV5091 | ||
| 003 | CL-VaPUC | ||
| 008 | 920609e19590000UK |||||||||||||||||eng|d | ||
| 082 | 0 | 4 | |a 551.45 |b KIN |2 21 |
| 100 | |a King, Cuchlaine Audrey Muriel |e author |9 431618 | ||
| 245 | 1 | 0 | |a Beaches and coasts |
| 300 | |a 403 p | ||
| 942 | |c BK | ||
| 945 | |d 19920609 00:00:00 | ||
| 260 | |a Londres |b Edward Arnold |c 1959 | ||
| 650 | 0 | |a Playas |9 261647 | |
| 650 | 0 | |a Costas |9 261336 | |
| 583 | |a last modification |c 19920609 00:00:00 |k Rodrigo Vera | ||
| 999 | |c 211688 |d 211686 | ||
| 952 | |0 0 |1 0 |2 ddc |4 0 |6 551_450000000000000_KIN_1959 |7 0 |8 CCM |9 191544 |a BIBCUR |b BIBCUR |c PAC |d 2019-11-14 |i 2590913 |o 551.45 KIN 1959 |p 2590913 |r 2025-04-22 |w 2019-11-14 |y BK |k CIM | ||